| 000 | 00386 a2200157 4500 | ||
|---|---|---|---|
| 001 | 181464 | ||
| 020 | _a | ||
| 040 | _cMagnum | ||
| 100 | _aChiavenatto, Julio Jose | ||
| 240 | 1 | 0 |
_aGenocidio americano: a guerra do paraguai _lpor |
| 245 | 1 | 0 | _aGenocidio americano: a guerra do paraguai |
| 362 | 0 | _a1899 | |
| 440 | 1 | _aBrasiliense | |
| 697 | _aMAGNITO: HISTORIA GERAL | ||
| 942 | _cBK | ||
| 999 |
_c181464 _d181464 |
||